A coronaria áramlási rezerv és az aorta tágulékonyságát jellemző indexek kapcsolata a coronarographia eredményének ismeretében

Elmentve itt :
Bibliográfiai részletek
Szerzők: Nemes Attila
Forster Tamás
Litvai Emőke
Nádaskay Márta
Vass Andrea
Borthaiser Angela
Pálinkás Attila
Gruber Noémi
Csanády Miklós
Dokumentumtípus: Cikk
Megjelent: 2001
Sorozat:CARDIOLOGIA HUNGARICA 30 No. 4
Tárgyszavak:
mtmt:1074147
Online Access:http://publicatio.bibl.u-szeged.hu/31239
LEADER 01016nab a2200289 i 4500
001 publ31239
005 20241209151915.0
008 241209s2001 hu o 000 hun d
022 |a 0133-5596; 1588-0230 
024 7 |a 1074147  |2 mtmt 
040 |a SZTE Publicatio Repozitórium  |b hun 
041 |a hun 
100 1 |a Nemes Attila 
245 1 2 |a A coronaria áramlási rezerv és az aorta tágulékonyságát jellemző indexek kapcsolata a coronarographia eredményének ismeretében  |h [elektronikus dokumentum] /  |c  Nemes Attila 
260 |c 2001 
300 |a 285-289 
490 0 |a CARDIOLOGIA HUNGARICA  |v 30 No. 4 
650 4 |a Klinikai orvostan 
700 0 1 |a Forster Tamás  |e aut 
700 0 1 |a Litvai Emőke  |e aut 
700 0 1 |a Nádaskay Márta  |e aut 
700 0 1 |a Vass Andrea  |e aut 
700 0 1 |a Borthaiser Angela  |e aut 
700 0 1 |a Pálinkás Attila  |e aut 
700 0 1 |a Gruber Noémi  |e aut 
700 0 1 |a Csanády Miklós  |e aut 
856 4 0 |u http://publicatio.bibl.u-szeged.hu/31239/1/aok_klny_441_01.pdf  |z Dokumentum-elérés